000 00585nam a2200217Ia 4500
003 OSt
005 20230427085528.0
008 210423s2007 xx 000 0 und d
020 _a14039315168
040 _cAL
041 _aeng
082 _a658.4034
_223
_bSHAJ
100 _aSHARMA (J K).
_980497
245 _aOperations research: theory methods and applications.
250 _a3
260 _aNew Delhi
_bMacmillan India Ltd
_c2007
300 _axxiv,1172
365 _b375
_cINR
906 _aapplications. ; methods ; Operations ; research: ; theory
942 _2ddc
_cBK
999 _c156631
_d156631